[Event "XXVI Miedzynarodowy Turniej im. Tadeusza"]
[Site "Police"]
[Date "2011.??.??"]
[Round "6.15"]
[White "Jacek, Roksana"]
[Black "Okon, Dariusz"]
[Result "0-1"]
[WhiteElo "1807"]
[BlackElo "2200"]
[PlyCount "102"]
[EventDate "2011.??.??"]

1. e4 d5 2. exd5 Qxd5 3. Nc3 Qa5 4. d4 Nf6 5. Nf3 c6 6. Bc4 Bg4 7. h3 Bh5 8. g4
Bg6 9. Ne5 e6 10. Nxg6 hxg6 11. g5 Nd5 12. Qf3 Rh4 13. Bxd5 cxd5 14. Qd3 Nc6
15. Be3 e5 16. Bd2 Rxd4 17. Qe3 Bb4 18. O-O Rxd2 19. Qxd2 d4 20. Rad1 Qa6 21.
a3 Ba5 22. b4 dxc3 23. Qd7+ Kf8 24. bxa5 Nd4 25. Qd5 Qe2 26. Qxb7 Rd8 27. Kg2
Qxc2 28. Rc1 Qd2 29. Qb4+ Kg8 30. Qxc3 Qxg5+ 31. Qg3 Qe7 32. Rce1 Re8 33. a6
Qc5 34. Qd3 Qc6+ 35. f3 Ne6 36. Kh2 Nf4 37. Qd2 Qc8 38. Rf2 Qxh3+ 39. Kg1 Qg3+
40. Kf1 Nh3 41. f4 e4 42. Qe3 Qxf2+ 43. Qxf2 Nxf2 44. Kxf2 Re6 45. Re3 f5 46.
Rb3 Rxa6 47. Ke3 Rd6 48. Rb8+ Kh7 49. a4 Rd3+ 50. Ke2 Ra3 51. Rb4 Kh6 0-1

[Event "XXVI Miedzynarodowy Turniej im. Tadeusza"]
[Site "Police"]
[Date "2011.??.??"]
[Round "6.16"]
[White "Maniocha, Andrzej"]
[Black "Dogoda, Rafal"]
[Result "1-0"]
[WhiteElo "2191"]
[BlackElo "1870"]
[PlyCount "79"]
[EventDate "2011.??.??"]

1. e4 e6 2. d3 d5 3. Nd2 Nf6 4. Ngf3 Bc5 5. e5 Ng4 6. d4 Bxd4 7. Nxd4 Nxf2 8.
Kxf2 Qh4+ 9. Ke2 Qxd4 10. Nf3 Qe4+ 11. Kf2 Nd7 12. Bd3 Qb4 13. Qe1 Qb6+ 14. Qe3
c5 15. c3 f6 16. exf6 Nxf6 17. h3 O-O 18. Rf1 Bd7 19. Kg1 Nh5 20. Ne5 Rxf1+ 21.
Bxf1 Bb5 22. c4 Bc6 23. b3 Rf8 24. Bd3 Nf4 25. Qg3 Nh5 26. Qg4 Be8 27. Bd2 Qd6
28. Re1 Nf6 29. Qh4 a6 30. Bg5 h6 31. Bc1 b5 32. Qg3 Nh5 33. Qg4 dxc4 34. bxc4
Nf6 35. Qe2 bxc4 36. Nxc4 Qd4+ 37. Qe3 Qh4 38. Rf1 Bd7 39. Ne5 Be8 40. Qxc5 1-0

[Event "XXVI Miedzynarodowy Turniej im. Tadeusza"]
[Site "Police"]
[Date "2011.??.??"]
[Round "6.17"]
[White "Pawlicz, Adam"]
[Black "Maliszewski, Jaroslaw"]
[Result "1-0"]
[WhiteElo "2044"]
[BlackElo "1825"]
[PlyCount "77"]
[EventDate "2011.??.??"]

1. e4 c5 2. c3 e5 3. Nf3 Nc6 4. Bc4 d6 5. d3 Be6 6. O-O Bxc4 7. dxc4 Nf6 8. Qe2
Be7 9. Rd1 Qd7 10. Nbd2 Qg4 11. h3 Qh5 12. Nf1 h6 13. Ng3 Qg6 14. Nh4 Qh7 15.
Nhf5 O-O-O 16. b4 Rhe8 17. a3 h5 18. f3 Ng8 19. Be3 Bf8 20. Bf2 g5 21. Rd2 Qg6
22. Rad1 Nh6 23. Nxh6 Qxh6 24. Nf5 Qe6 25. Rd5 b6 26. Qc2 Be7 27. Qa4 Kb7 28.
g3 Rg8 29. Qb3 Kc7 30. a4 Rg6 31. Ra1 Bf8 32. Rad1 Ne7 33. bxc5 Nxd5 34. cxd5
Qd7 35. cxb6+ Kb7 36. bxa7+ Ka8 37. Rb1 Qc7 38. a5 Rc8 39. a6 1-0

[Event "XXVI Miedzynarodowy Turniej im. Tadeusza"]
[Site "Police"]
[Date "2011.??.??"]
[Round "7.3"]
[White "Hnydiuk, Aleksander"]
[Black "Malisauskas, Vidmantas"]
[Result "0-1"]
[WhiteElo "2432"]
[BlackElo "2477"]
[PlyCount "116"]
[EventDate "2011.??.??"]

1. d4 Nf6 2. Bg5 d5 3. Bxf6 exf6 4. e3 c6 5. c4 Be6 6. cxd5 Qxd5 7. Nc3 Qa5 8.
Bd3 Bd6 9. Nge2 O-O 10. O-O f5 11. Qc2 g6 12. a3 Qc7 13. g3 Nd7 14. b4 Nf6 15.
Na4 Qe7 16. Nc5 Bd5 17. Nc3 Bf3 18. Be2 Bxe2 19. Qxe2 a5 20. Qb2 h5 21. Rfb1
axb4 22. axb4 h4 23. Rxa8 Rxa8 24. Ra1 Rxa1+ 25. Qxa1 Kg7 26. Qa7 hxg3 27. hxg3
Ng4 28. Nd1 g5 29. Qa2 b6 30. Nd3 Bxb4 31. Qc4 c5 32. Nxb4 cxb4 33. Qb3 Qe4 34.
Qxb4 Qc2 35. Qe1 b5 36. d5 b4 37. d6 Ne5 38. Kf1 g4 39. Qe2 b3 40. Nb2 Kf6 41.
Ke1 Nf3+ 42. Kf1 Ke6 43. Qc4+ Kxd6 44. Qa6+ Ke7 45. Qa7+ Kf6 46. Qa1 Kg6 47.
Qa6+ Kg7 48. Qa1 Kh7 49. Kg2 Ng5 50. Nd1 Ne4 51. Qe5 Kg8 52. Qb8+ Kg7 53. Qe5+
Kg6 54. Qd4 b2 55. Qb6+ Kh7 56. Qb7 Nd6 57. Qxb2 Qxd1 58. Qe5 Qf3+ 0-1

[Event "XXVI Miedzynarodowy Turniej im. Tadeusza"]
[Site "Police"]
[Date "2011.??.??"]
[Round "7.6"]
[White "Starostits, Ilmars"]
[Black "Kantans, Toms"]
[Result "1/2-1/2"]
[WhiteElo "2500"]
[BlackElo "2345"]
[PlyCount "23"]
[EventDate "2011.??.??"]

1. e4 c5 2. Ne2 e5 3. Nbc3 Nc6 4. Nd5 d6 5. Nec3 Nf6 6. a3 Be6 7. Bc4 a6 8. d3
Nd4 9. Bg5 Be7 10. Nxe7 Qxe7 11. Nd5 Bxd5 12. Bxd5 1/2-1/2

[Event "XXVI Miedzynarodowy Turniej im. Tadeusza"]
[Site "Police"]
[Date "2011.??.??"]
[Round "7.7"]
[White "Korbal, Arkadiusz"]
[Black "Kalinitschew, Sergey"]
[Result "0-1"]
[WhiteElo "2052"]
[BlackElo "2431"]
[PlyCount "90"]
[EventDate "2011.??.??"]

1. d4 e6 2. c4 Bb4+ 3. Nd2 d5 4. Ngf3 Nf6 5. g3 O-O 6. Bg2 dxc4 7. O-O c3 8.
Nc4 cxb2 9. Bxb2 Nc6 10. a3 Be7 11. Qc2 Nd5 12. e4 Nb6 13. Ne3 a5 14. Rac1 Bd6
15. Rfd1 Bd7 16. d5 exd5 17. e5 Be7 18. Nxd5 Nxd5 19. Rxd5 Qe8 20. Rcd1 Be6 21.
Rb5 Qc8 22. Ne1 Nd8 23. Qc3 a4 24. Nd3 c6 25. Ra5 Rxa5 26. Qxa5 Bb3 27. Re1 Ne6
28. h4 Rd8 29. Nc1 Bd1 30. Ne2 Bc5 31. Bh3 b6 32. Qc3 Qd7 33. Nf4 Bb3 34. Bc1
Qd4 35. Qxd4 Bxd4 36. Be3 Bxe3 37. Rxe3 c5 38. Ne2 Rd1+ 39. Kh2 Re1 40. Bg2 Bc4
41. Nc3 Rxe3 42. fxe3 b5 43. Bc6 Nc7 44. Kg2 b4 45. axb4 a3 0-1

[Event "XXVI Miedzynarodowy Turniej im. Tadeusza"]
[Site "Police"]
[Date "2011.??.??"]
[Round "7.10"]
[White "Shilov, Sergej"]
[Black "Okon, Dariusz"]
[Result "1-0"]
[WhiteElo "2255"]
[BlackElo "2200"]
[PlyCount "73"]
[EventDate "2011.??.??"]

1. e4 d5 2. exd5 Qxd5 3. Nc3 Qa5 4. d4 Nf6 5. Bd2 c6 6. Bc4 Bg4 7. f3 Bf5 8.
Nge2 e6 9. g4 Bg6 10. h4 h6 11. Nf4 Bh7 12. Qe2 Bb4 13. O-O-O Nd5 14. Ncxd5
Bxd2+ 15. Rxd2 cxd5 16. Bxd5 Qc7 17. Bxe6 O-O 18. Qe3 fxe6 19. Nxe6 Qe7 20. Re2
Rc8 21. Qb3 Qf7 22. f4 a5 23. a3 a4 24. Qe3 Ra6 25. f5 Nd7 26. Rf1 Rac6 27. Qf3
g6 28. Qf4 gxf5 29. Qxh6 Nf8 30. d5 Rd6 31. gxf5 Kh8 32. Rg2 Re8 33. Rfg1 Rd7
34. Rg7 Rxe6 35. dxe6 Qxg7 36. Rxg7 Rxg7 37. e7 1-0

[Event "XXVI Miedzynarodowy Turniej im. Tadeusza"]
[Site "Police"]
[Date "2011.??.??"]
[Round "7.11"]
[White "Chlost, Marlena"]
[Black "Maes, Wim"]
[Result "0-1"]
[WhiteElo "2198"]
[BlackElo "2245"]
[PlyCount "172"]
[EventDate "2011.??.??"]

1. e4 c5 2. Nf3 e6 3. d4 cxd4 4. Nxd4 a6 5. Nc3 Qc7 6. Be2 Nf6 7. O-O Bb4 8.
Qd3 Nc6 9. Kh1 Nxd4 10. Qxd4 Bc5 11. Qd3 b5 12. Bg5 Bb7 13. a3 h6 14. Bh4 Bd6
15. Rad1 Be5 16. Bg3 Bxg3 17. fxg3 O-O 18. Qd4 d5 19. Rxf6 gxf6 20. Qxf6 dxe4
21. Rf1 Kh7 22. Bh5 Qd8 23. Qe5 f5 24. Rd1 Qe7 25. Rd6 Bc8 26. Nd5 Qg7 27. Qf4
exd5 28. Rg6 Qxg6 29. Bxg6+ Kxg6 30. Qd6+ Rf6 31. Qxd5 Bb7 32. Qxb7 Re8 33. Qd7
Rfe6 34. Kg1 e3 35. Kf1 R8e7 36. Qd3 e2+ 37. Ke1 Kf6 38. Qd4+ Kf7 39. Qd8 Re5
40. Qd6 R7e6 41. Qd7+ Re7 42. Qd6 h5 43. Qd8 R5e6 44. Qd5 Kg6 45. Qd8 Re4 46.
Qd6+ R7e6 47. Qd7 Kf6 48. Qd8+ Ke5 49. Qh8+ Kd5 50. Qa8+ Rc6 51. Qb7 Ree6 52.
Qa8 Kc5 53. Qa7+ Kd6 54. Qd4+ Ke7 55. Qg7+ Kd8 56. Qg8+ Kc7 57. Qg7+ Kb8 58.
Qg8+ Kb7 59. Qg7+ Rc7 60. Qd4 Ree7 61. Qd5+ Kb8 62. Qd8+ Kb7 63. Qd5+ Rc6 64.
Qd8 Rce6 65. Qd5+ Kc7 66. Qc5+ Kd7 67. Qa7+ Ke8 68. Qa8+ Kf7 69. Qd5 Kg6 70.
Qd8 Re4 71. Qd6+ R7e6 72. Qd7 Kf6 73. Qd8+ Ke5 74. Qh8+ Kd5 75. Qa8+ Rc6 76.
Qb7 Ree6 77. Qa8 Kc5 78. Qa7+ Kd6 79. Qd4+ Kc7 80. Qa7+ Kc8 81. Qa8+ Kd7 82.
Qb7+ Rc7 83. Qd5+ Ke7 84. Qxf5 Rd7 85. Qg5+ Kd6 86. b4 Kc6 0-1

[Event "XXVI Miedzynarodowy Turniej im. Tadeusza"]
[Site "Police"]
[Date "2011.??.??"]
[Round "7.12"]
[White "Aglave, Arnaud"]
[Black "Chojnacki, Krzysztof"]
[Result "0-1"]
[WhiteElo "2081"]
[BlackElo "2437"]
[PlyCount "40"]
[EventDate "2011.??.??"]

1. c4 Nf6 2. g3 g6 3. Bg2 Bg7 4. Nc3 O-O 5. e4 e5 6. Nge2 d6 7. O-O Be6 8. d3
c6 9. b4 d5 10. exd5 cxd5 11. Bg5 d4 12. Bxb7 Nbd7 13. Bxa8 Qxa8 14. Bxf6 Nxf6
15. Na4 Bh3 16. f3 Ng4 17. Rf2 Bh6 18. f4 Nxf2 19. Kxf2 Qg2+ 20. Ke1 exf4 0-1

[Event "XXVI Miedzynarodowy Turniej im. Tadeusza"]
[Site "Police"]
[Date "2011.??.??"]
[Round "7.13"]
[White "Maruszczak, Joanna"]
[Black "Schmidt, Wlodzimierz"]
[Result "0-1"]
[WhiteElo "1735"]
[BlackElo "2398"]
[PlyCount "62"]
[EventDate "2011.??.??"]

1. e4 e6 2. d4 d5 3. exd5 exd5 4. Bd3 c5 5. dxc5 Bxc5 6. Nf3 Nf6 7. O-O O-O 8.
Nc3 h6 9. Bf4 Nc6 10. Qd2 Re8 11. Rad1 Bg4 12. Bxh6 gxh6 13. Qxh6 Bf8 14. Qh4
Bg7 15. Nxd5 Bxf3 16. Nxf6+ Qxf6 17. Qxf6 Bxf6 18. gxf3 Bxb2 19. Rb1 Bd4 20.
Rxb7 Rab8 21. Rd7 Ne5 22. Rd5 Rbd8 23. Be4 Rxd5 24. Bxd5 Ng6 25. Be4 Nf4 26. a4
Re5 27. Rd1 Bb6 28. c4 Rg5+ 29. Kf1 Rg2 30. Rd2 Rxh2 31. Kg1 Rxf2 0-1

[Event "XXVI Miedzynarodowy Turniej im. Tadeusza"]
[Site "Police"]
[Date "2011.??.??"]
[Round "7.14"]
[White "Graf, Pawel"]
[Black "Figura, Atila Gajo"]
[Result "0-1"]
[WhiteElo "2141"]
[BlackElo "2358"]
[PlyCount "86"]
[EventDate "2011.??.??"]

1. e4 c5 2. a3 g6 3. b4 Bg7 4. Nc3 d6 5. Rb1 Nf6 6. Nf3 O-O 7. bxc5 dxc5 8. Bc4
Nc6 9. O-O Nd4 10. h3 Nd7 11. Nd5 e6 12. Ne3 b6 13. Re1 Bb7 14. d3 Kh8 15. Nxd4
cxd4 16. Ng4 Rc8 17. Bf4 e5 18. Bd2 h5 19. Nh2 Nc5 20. Bb4 f5 21. exf5 Qg5 22.
f3 gxf5 23. Qd2 Qg6 24. Bxc5 Rxc5 25. Rb5 Rxb5 26. Bxb5 Bh6 27. Qb4 Rg8 28. Re2
Qf6 29. Bc4 Rg7 30. Qb5 Re7 31. Bd5 Be3+ 32. Kh1 Bc8 33. Qc6 Qxc6 34. Bxc6 Rc7
35. Bb5 Rc3 36. a4 f4 37. Nf1 Be6 38. Kh2 Ba2 39. h4 Bb1 40. Nxe3 fxe3 41. Kg3
Bxc2 42. f4 e4 43. dxe4 Bxe4 0-1

[Event "XXVI Miedzynarodowy Turniej im. Tadeusza"]
[Site "Police"]
[Date "2011.??.??"]
[Round "7.15"]
[White "Pawlicz, Adam"]
[Black "Maniocha, Andrzej"]
[Result "1-0"]
[WhiteElo "2044"]
[BlackElo "2191"]
[PlyCount "115"]
[EventDate "2011.??.??"]

1. e4 c5 2. Nf3 Nc6 3. c3 e6 4. d4 d5 5. e5 Qb6 6. a3 c4 7. Nbd2 Na5 8. Be2 Bd7
9. O-O Ne7 10. Qc2 Rc8 11. Re1 a6 12. Rb1 Nb3 13. Nf1 Ba4 14. Be3 Nc6 15. Ng5
Qa5 16. Bd1 Be7 17. Qe2 Qd8 18. Qh5 g6 19. Qh6 Bf8 20. Qh3 h6 21. Bc2 Ne7 22.
Nxe6 fxe6 23. Qxe6 Rg8 24. Qf6 Rc7 25. Bf4 Bg7 26. Bxg6+ Kd7 27. Bf5+ Nxf5 28.
Qxf5+ Kc6 29. e6 Re7 30. Re2 Qf8 31. Ne3 Qxf5 32. Nxf5 Ree8 33. Rbe1 h5 34. e7
b5 35. Re6+ Kd7 36. Rd6+ Kc7 37. Rg6+ Kd7 38. Rxg7 Rxg7 39. Nxg7 Rxe7 40. Rxe7+
Kxe7 41. Nxh5 a5 42. Be5 Nc1 43. Nf4 Nd3 44. Nxd3 cxd3 45. Bf4 Ke6 46. f3 Bd1
47. Kf2 a4 48. g4 Kf6 49. Kg3 Be2 50. Bd2 Bd1 51. h4 Be2 52. f4 Bd1 53. f5 Be2
54. Kf4 Bd1 55. g5+ Kg7 56. Ke5 Bf3 57. g6 Bg4 58. Kf4 1-0

[Event "XXVI Miedzynarodowy Turniej im. Tadeusza"]
[Site "Police"]
[Date "2011.??.??"]
[Round "7.16"]
[White "Dogoda, Rafal"]
[Black "Zschaebitz, Klaus"]
[Result "1/2-1/2"]
[WhiteElo "1870"]
[BlackElo "2088"]
[PlyCount "103"]
[EventDate "2011.??.??"]

1. d4 e6 2. c4 Nf6 3. Bf4 Bb4+ 4. Nd2 O-O 5. a3 Be7 6. e4 d6 7. Qc2 Nh5 8. Bg3
Nc6 9. Ne2 f5 10. f3 Nxg3 11. hxg3 e5 12. d5 Nb8 13. Nc3 Bg5 14. exf5 Bxd2+ 15.
Qxd2 Bxf5 16. Bd3 Nd7 17. g4 Bxd3 18. Qxd3 g6 19. Ne4 Nc5 20. Nxc5 dxc5 21.
O-O-O Qg5+ 22. Kb1 Rf4 23. Qe3 b6 24. d6 cxd6 25. Rxd6 Rxg4 26. Qxg5 Rxg5 27.
Rd7 h5 28. f4 Rf5 29. g4 Rxf4 30. gxh5 Rf7 31. Rd5 Re8 32. Rg1 Ree7 33. Rd8+
Kg7 34. Rxg6+ Kh7 35. Rdd6 Rg7 36. Kc2 Kg8 37. Kd3 Ref7 38. Ke4 Rf2 39. Kxe5
Rxb2 40. Rxg7+ Kxg7 41. Rd7+ Kh6 42. Rxa7 Kxh5 43. Kd5 Kg4 44. a4 Rd2+ 45. Kc6
Rc2 46. a5 bxa5 47. Kxc5 Kf5 48. Kd5 Rd2+ 49. Kc6 Rc2 50. c5 a4 51. Re7 Rb2 52.
Ra7 1/2-1/2

[Event "XXVI Miedzynarodowy Turniej im. Tadeusza"]
[Site "Police"]
[Date "2011.??.??"]
[Round "7.17"]
[White "Makukins, Maksims"]
[Black "Jacek, Roksana"]
[Result "0-1"]
[WhiteElo "1638"]
[BlackElo "1807"]
[PlyCount "118"]
[EventDate "2011.??.??"]

1. e4 e5 2. Nf3 Nc6 3. Nc3 Nf6 4. a3 d6 5. Bb5 a6 6. Ba4 Be7 7. d4 b5 8. Bb3
Bg4 9. dxe5 Nxe5 10. Nd5 O-O 11. Qe2 c6 12. Nxe7+ Qxe7 13. Bg5 h6 14. h3 Bxf3
15. Bxf6 Qxf6 16. gxf3 Nxf3+ 17. Kd1 Rae8 18. Qd3 Qxb2 19. Rc1 Qf6 20. c3 Ne5
21. Qg3 Qf3+ 22. Qxf3 Nxf3 23. Ke2 Ng5 24. f3 d5 25. Bc2 dxe4 26. fxe4 Nxe4 27.
Bxe4 Rxe4+ 28. Kf3 Ra4 29. Rhd1 Rxa3 30. Rd6 c5 31. Rc6 c4 32. Ke4 Re8+ 33. Kd4
Rd8+ 34. Kc5 Rd3 35. Kb4 Ra4+ 36. Kc5 Rxh3 37. Rc8+ Kh7 38. Rf8 Rf3 39. Ra8 g5
40. Kb6 g4 41. Kc5 g3 42. Kd4 g2 43. Rg1 Rg3 44. Rf8 Kg7 45. Re8 Ra2 46. Re4
Rf2 47. Ree1 Rd2+ 48. Kc5 Rxc3 49. Kb4 Rb3+ 50. Ka5 c3 51. Kxa6 c2 52. Rc1 Rg3
53. Kxb5 Rd1 54. Rcxd1 cxd1=Q 55. Rxd1 g1=Q 56. Rxg1 Rxg1 57. Kc4 Rd1 58. Kc5
h5 59. Kc4 h4 0-1

[Event "XXVI Miedzynarodowy Turniej im. Tadeusza"]
[Site "Police"]
[Date "2011.??.??"]
[Round "7.18"]
[White "Maliszewski, Jaroslaw"]
[Black "Radwan, Leszek"]
[Result "0-1"]
[WhiteElo "1825"]
[BlackElo "2126"]
[PlyCount "86"]
[EventDate "2011.??.??"]

1. c4 Nf6 2. Nc3 e5 3. Nf3 d6 4. g3 c6 5. Bg2 Be7 6. d4 Nbd7 7. e4 O-O 8. O-O
Re8 9. Be3 h6 10. Qc2 Qc7 11. Rac1 Ng4 12. Bd2 exd4 13. Nxd4 Bf6 14. Nf5 Nge5
15. Nd1 Nc5 16. f4 Ng6 17. Nde3 Ne7 18. g4 Nxf5 19. gxf5 Qe7 20. Rce1 Nxe4 21.
Bb4 Bd4 22. Rf3 Bxf5 23. Qd3 c5 24. Bc3 Nxc3 25. Qxf5 Nxa2 26. Kh1 Qh4 27. Rg3
Bxe3 28. Rexe3 Rxe3 29. Rxe3 Qf6 30. Qd7 Rf8 31. Qxb7 Nb4 32. Qxa7 Qxf4 33. Rf3
Qxc4 34. Rf1 Qd4 35. b3 Nd3 36. h3 Nf4 37. Bf3 Nxh3 38. Qd7 Ng5 39. Bg2 Ne4 40.
Kh2 Qe5+ 41. Kg1 Nf6 42. Qh3 Re8 43. Kh1 Qh5 0-1

[Event "XXVI Miedzynarodowy Turniej im. Tadeusza"]
[Site "Police"]
[Date "2011.??.??"]
[Round "8.1"]
[White "Vysochin, Spartak"]
[Black "Shishkin, Vadim"]
[Result "1/2-1/2"]
[WhiteElo "2552"]
[BlackElo "2457"]
[PlyCount "27"]
[EventDate "2011.??.??"]

1. d4 Nf6 2. Nf3 g6 3. c3 Bg7 4. Bf4 b6 5. h3 Bb7 6. e3 d6 7. Be2 O-O 8. O-O
Nbd7 9. a4 a5 10. Nbd2 Ne4 11. Nxe4 Bxe4 12. Nd2 Bb7 13. Bf3 Bxf3 14. Nxf3
1/2-1/2

[Event "XXVI Miedzynarodowy Turniej im. Tadeusza"]
[Site "Police"]
[Date "2011.??.??"]
[Round "8.2"]
[White "Malisauskas, Vidmantas"]
[Black "Neiksans, Arturs"]
[Result "1-0"]
[WhiteElo "2477"]
[BlackElo "2495"]
[PlyCount "75"]
[EventDate "2011.??.??"]

1. d4 f5 2. g3 Nf6 3. Bg2 g6 4. c3 Bg7 5. Qb3 Nc6 6. Nf3 e6 7. Ne5 Nxe5 8. dxe5
Ng4 9. f4 O-O 10. h3 Nh6 11. Be3 Nf7 12. Na3 d6 13. exd6 cxd6 14. O-O-O Qe7 15.
Rhe1 Bd7 16. Qxb7 d5 17. Bd4 a5 18. Bxg7 Kxg7 19. Qb6 Rfc8 20. Qd4+ Kg8 21. Kb1
Nd8 22. Ka1 Nc6 23. Qd2 Be8 24. g4 a4 25. Rg1 Kf8 26. e3 Rcb8 27. gxf5 gxf5 28.
Bxd5 exd5 29. Qxd5 Bg6 30. Qxc6 Qxe3 31. Qf6+ Kg8 32. Nc4 Qf2 33. Rxg6+ hxg6
34. Qxg6+ Kf8 35. Rg1 Rb7 36. Qg8+ Ke7 37. Rg7+ Kf6 38. Rg6+ 1-0

[Event "XXVI Miedzynarodowy Turniej im. Tadeusza"]
[Site "Police"]
[Date "2011.??.??"]
[Round "8.3"]
[White "Grabarczyk, Miroslaw"]
[Black "Olszewski, Michal"]
[Result "1/2-1/2"]
[WhiteElo "2459"]
[BlackElo "2541"]
[PlyCount "85"]
[EventDate "2011.??.??"]

1. d4 Nf6 2. c4 e6 3. Nf3 c5 4. d5 exd5 5. cxd5 d6 6. Nc3 g6 7. h3 a6 8. a4 Bg7
9. e4 Nbd7 10. Bd3 Nh5 11. Bg5 Bf6 12. Bh6 Ne5 13. Be2 Nxf3+ 14. Bxf3 Ng7 15.
O-O Be5 16. Qd2 O-O 17. Bf4 Re8 18. Rfe1 Rb8 19. Reb1 f5 20. Bxe5 Rxe5 21. Re1
Qf6 22. exf5 Rxe1+ 23. Rxe1 Bxf5 24. g4 Bd7 25. Bg2 Qd4 26. Qc2 Re8 27. Rxe8+
Nxe8 28. Qe2 Kf8 29. Qf3+ Ke7 30. Qe4+ Qxe4 31. Bxe4 b5 32. axb5 axb5 33. f3
Nf6 34. Kf2 b4 35. Nd1 Ba4 36. Ne3 Bb3 37. g5 Nh5 38. h4 Kf7 39. Ng2 Ba2 40.
Ne3 Nf4 41. Kg3 Ne2+ 42. Kf2 Nf4 43. Kg3 1/2-1/2

[Event "XXVI Miedzynarodowy Turniej im. Tadeusza"]
[Site "Police"]
[Date "2011.??.??"]
[Round "8.5"]
[White "Kalinitschew, Sergey"]
[Black "Aliavdin, Nikolai"]
[Result "1/2-1/2"]
[WhiteElo "2431"]
[BlackElo "2392"]
[PlyCount "25"]
[EventDate "2011.??.??"]

1. d4 Nf6 2. c4 g6 3. Nc3 Bg7 4. e4 d6 5. Nf3 O-O 6. h3 e5 7. d5 a5 8. g4 Na6
9. Be3 Nc5 10. Nd2 Nfd7 11. Rg1 Kh8 12. Qf3 Nb6 13. Qg3 1/2-1/2

[Event "XXVI Miedzynarodowy Turniej im. Tadeusza"]
[Site "Police"]
[Date "2011.??.??"]
[Round "8.6"]
[White "Jacek, Krystian"]
[Black "Starostits, Ilmars"]
[Result "0-1"]
[WhiteElo "2111"]
[BlackElo "2500"]
[PlyCount "80"]
[EventDate "2011.??.??"]

1. e4 c6 2. d4 d5 3. Nc3 dxe4 4. Nxe4 Bf5 5. Ng3 Bg6 6. h4 h6 7. Nf3 Nf6 8. h5
Bh7 9. Bd3 Bxd3 10. Qxd3 e6 11. Bd2 c5 12. Ne4 Nc6 13. Bc3 cxd4 14. Nxd4 Nxd4
15. Nxf6+ gxf6 16. Qxd4 Qxd4 17. Bxd4 Be7 18. O-O-O Rg8 19. Be3 Bf8 20. Rh4
Rxg2 21. Rc4 f5 22. Rc7 f4 23. Bd4 Be7 24. Rxb7 a6 25. Bb6 f3 26. c3 Bd8 27.
Bd4 Bg5+ 28. Kc2 Rd8 29. Rh1 Rd5 30. Rh3 e5 31. Ba7 e4 32. Kb3 f5 33. Kc4 Rd2
34. Bd4 Rgxf2 35. Bxf2 Rxf2 36. Kd5 Rd2+ 37. Ke6 f2 38. Rb8+ Rd8 39. Rxd8+ Kxd8
40. Rh1 e3 0-1

[Event "XXVI Miedzynarodowy Turniej im. Tadeusza"]
[Site "Police"]
[Date "2011.??.??"]
[Round "8.7"]
[White "Tokarczyk, Tomasz"]
[Black "Hnydiuk, Aleksander"]
[Result "1/2-1/2"]
[WhiteElo "2199"]
[BlackElo "2432"]
[PlyCount "118"]
[EventDate "2011.??.??"]

1. d4 d5 2. c4 c6 3. cxd5 cxd5 4. Nc3 Nf6 5. Bf4 Nc6 6. e3 a6 7. Bd3 Bg4 8.
Nge2 e6 9. Rc1 Bxe2 10. Bxe2 Bd6 11. Bg5 O-O 12. O-O Be7 13. Na4 Nd7 14. Bxe7
Qxe7 15. Nc5 Nxc5 16. Rxc5 Rac8 17. Qb3 e5 18. Bg4 Rcd8 19. Rxd5 exd4 20. Rxd8
Rxd8 21. Rd1 dxe3 22. Rxd8+ Nxd8 23. Qxe3 Qxe3 24. fxe3 Kf8 25. Kf2 Ke7 26. Kf3
Kd6 27. Ke4 g6 28. Be2 f5+ 29. Kd3 Ne6 30. b4 Nc7 31. Kd4 Ne6+ 32. Kc4 Nc7 33.
Bf3 b6 34. a4 b5+ 35. axb5 axb5+ 36. Kd4 Ne6+ 37. Kd3 Ke5 38. Bc6 Nc7 39. e4
fxe4+ 40. Bxe4 Na6 41. h4 Nxb4+ 42. Ke3 Nd5+ 43. Kf3 Ne7 44. h5 b4 45. hxg6
hxg6 46. Bb1 g5 47. Kg4 Kf6 48. Kf3 b3 49. Ke4 Nf5 50. Kd3 Ke5 51. Kc3 Nd4 52.
g4 Nf3 53. Bf5 Kf4 54. Bc8 Ne5 55. Kxb3 Nxg4 56. Kc3 Ne3 57. Kd2 Nf5 58. Ke2 g4
59. Bxf5 Kxf5 1/2-1/2

[Event "XXVI Miedzynarodowy Turniej im. Tadeusza"]
[Site "Police"]
[Date "2011.??.??"]
[Round "8.8"]
[White "Maes, Wim"]
[Black "Kula, Robert"]
[Result "1-0"]
[WhiteElo "2245"]
[BlackElo "2351"]
[PlyCount "117"]
[EventDate "2011.??.??"]

1. e4 e6 2. d3 d5 3. Nd2 Nf6 4. Qe2 b6 5. Ngf3 Bb7 6. g3 dxe4 7. dxe4 Be7 8.
Bg2 O-O 9. O-O c5 10. e5 Nfd7 11. Ne4 Nc6 12. Bf4 Qc7 13. Rad1 Rad8 14. Rfe1
Rfe8 15. h4 h5 16. c3 g6 17. Nd6 Bxd6 18. Rxd6 Ne7 19. Red1 Nf5 20. R6d2 Bc6
21. Ng5 Bxg2 22. Kxg2 Nf8 23. Ne4 Nh7 24. Kg1 Rf8 25. Rd3 Rfe8 26. Qd2 Rc8 27.
Rd7 Qc6 28. Qd3 Ra8 29. a3 a6 30. Qf3 Rac8 31. R7d2 b5 32. Kg2 a5 33. Nd6 Nxd6
34. Rxd6 Qxf3+ 35. Kxf3 c4 36. Ra6 a4 37. Rd7 Nf8 38. Rb7 Rb8 39. Raa7 Rxb7 40.
Rxb7 Ra8 41. Bh6 Nh7 42. Rxb5 f6 43. Ke4 g5 44. Kd4 Kf7 45. exf6 gxh4 46. gxh4
Nxf6 47. Kxc4 Kg6 48. Be3 Nd5 49. Kd3 Rd8 50. Ke2 Rc8 51. Rc5 Rb8 52. Bc1 Rb7
53. c4 Nf6 54. Ra5 Rc7 55. Rxa4 Ne4 56. Be3 Nd6 57. c5 Nf5 58. b4 Kf6 59. b5
1-0

[Event "XXVI Miedzynarodowy Turniej im. Tadeusza"]
[Site "Police"]
[Date "2011.??.??"]
[Round "8.9"]
[White "Kantans, Toms"]
[Black "Shilov, Sergej"]
[Result "1-0"]
[WhiteElo "2345"]
[BlackElo "2255"]
[PlyCount "61"]
[EventDate "2011.??.??"]

1. e4 e5 2. Nf3 Nc6 3. Nc3 g6 4. h4 Nf6 5. Nxe5 Nxe5 6. d4 Neg4 7. e5 Bg7 8.
Bg5 d5 9. h5 gxh5 10. exf6 Nxf6 11. Qe2+ Be6 12. Qb5+ Qd7 13. Qxb7 O-O 14. Bb5
Qe7 15. O-O a6 16. Ba4 Qd6 17. Qc6 Qb4 18. Bxf6 Bxf6 19. Nxd5 Qxd4 20. Nxc7
Rac8 21. Nxe6 fxe6 22. Qxe6+ Kh8 23. Bb3 Qxb2 24. Rae1 Rce8 25. Qxe8 Rxe8 26.
Rxe8+ Kg7 27. Rd1 h4 28. Re6 a5 29. Kh2 Qc3 30. Rd7+ Kf8 31. Rxf6+ 1-0

[Event "XXVI Miedzynarodowy Turniej im. Tadeusza"]
[Site "Police"]
[Date "2011.??.??"]
[Round "8.11"]
[White "Schmidt, Wlodzimierz"]
[Black "Korbal, Arkadiusz"]
[Result "1/2-1/2"]
[WhiteElo "2398"]
[BlackElo "2052"]
[PlyCount "31"]
[EventDate "2011.??.??"]

1. d4 Nf6 2. c4 e6 3. Nc3 Bb4 4. Qc2 O-O 5. a3 Bxc3+ 6. Qxc3 b6 7. Bg5 h6 8.
Bh4 Bb7 9. f3 d5 10. e3 Nbd7 11. cxd5 Nxd5 12. Bxd8 Nxc3 13. Bh4 Nd5 14. Bf2 f5
15. Bb5 c6 16. Bc4 1/2-1/2

[Event "XXVI Miedzynarodowy Turniej im. Tadeusza"]
[Site "Police"]
[Date "2011.??.??"]
[Round "8.12"]
[White "Figura, Atila Gajo"]
[Black "Moritz, Aron"]
[Result "1-0"]
[WhiteElo "2358"]
[BlackElo "2091"]
[PlyCount "49"]
[EventDate "2011.??.??"]

1. e4 c5 2. Nf3 d6 3. d4 cxd4 4. Nxd4 Nf6 5. Nc3 g6 6. Be3 Bg7 7. f3 Nc6 8. Qd2
O-O 9. O-O-O d5 10. Qe1 e5 11. Nxc6 bxc6 12. exd5 Nxd5 13. Bb5 Bb7 14. Bc4 Qd7
15. h4 Rfd8 16. Ne4 h6 17. g4 f5 18. gxf5 gxf5 19. Rg1 Kh7 20. Ng3 Qf7 21. Nxf5
Nxe3 22. Bxf7 Rxd1+ 23. Qxd1 Nxd1 24. Rxg7+ Kh8 25. Rg6 1-0

[Event "XXVI Miedzynarodowy Turniej im. Tadeusza"]
[Site "Police"]
[Date "2011.??.??"]
[Round "8.13"]
[White "Okon, Dariusz"]
[Black "Oleniak, Wlodzimierz"]
[Result "1-0"]
[WhiteElo "2200"]
[BlackElo "1859"]
[PlyCount "41"]
[EventDate "2011.??.??"]

1. d4 d5 2. c4 e6 3. Nf3 Nf6 4. Bg5 Be7 5. e3 O-O 6. Nc3 b6 7. cxd5 exd5 8. Rc1
Bb7 9. Bd3 Nbd7 10. O-O c5 11. Bb1 Re8 12. Qc2 Nf8 13. Rfd1 Rc8 14. dxc5 Bxc5
15. Qf5 Qd7 16. Bxf6 Qxf5 17. Bxf5 gxf6 18. Bxc8 Rxc8 19. Nxd5 Kg7 20. b4 Bxd5
21. Rxd5 1-0

[Event "XXVI Miedzynarodowy Turniej im. Tadeusza"]
[Site "Police"]
[Date "2011.??.??"]
[Round "8.14"]
[White "Jacek, Roksana"]
[Black "Chlost, Marlena"]
[Result "0-1"]
[WhiteElo "1807"]
[BlackElo "2198"]
[PlyCount "68"]
[EventDate "2011.??.??"]

1. e4 c5 2. c3 Qa5 3. Bc4 e6 4. Nf3 b5 5. Be2 Bb7 6. Qc2 Nf6 7. e5 Nd5 8. d4
cxd4 9. Nxd4 a6 10. O-O Qc7 11. a4 Bc5 12. Na3 Qxe5 13. Nf3 Qc7 14. axb5 O-O
15. bxa6 Nxa6 16. Nb5 Qb8 17. Ra4 f5 18. Nbd4 Nac7 19. Ne5 Qe8 20. Rxa8 Bxa8
21. Bf3 d6 22. Nc4 Qd7 23. Rd1 e5 24. Nb3 Ba7 25. Nxe5 dxe5 26. c4 e4 27. Be2
Qc6 28. Nd4 Bxd4 29. Rxd4 Nb4 30. Qb3 Nd3 31. Be3 Ne6 32. Rd5 Nef4 33. Bxd3
Nxd3 34. c5 Qxd5 0-1